000 00922nam a2200241 i 4500
001 bg
100 1 _aMASŁOWSKI, Andrzej
245 1 0 _aIdentyfikacja modeli matematycznych dynamiki układów /
_cAndrzej Masłowski.
260 _aBiałystok :
_bWydawnictwa PB,
_c1995.
300 _a295 s. :
_b1 fot., rys., wykr. ;
_c23 cm.
490 1 _aRozprawy Naukowe / Politechnika Białostocka,
_x0867-096X ;
_vnr 28
500 _aRozdz. 4-8 na podstawie publ. Komputerowa identyfikacja parametrów lub stanu w układach technicznych.
504 _aBibliogr. przy rozdz.
650 9 _aAlgorytmy
_xstosowanie
_xtechnika
650 9 _aModele matematyczne
_xstosowanie
_xtechnika
650 9 _aTechnika
_xurządzenia
_xbadanie
_xmetody
830 0 _aRozprawy Naukowe (Politechnika Białostocka) ;
_vnr 28
040 _cBPK
041 0 _apl
080 _a62:510.5:519.6
942 _cKS
008 s pl f |000 0 pol
999 _c31022
_d31022
856 _uhttp://koha.tu.koszalin.pl/cgi-bin/koha/opac-detail.pl?biblionumber=31022
_yKatalog online BPK